<?xml version="1.0" encoding="UTF-8"?>
<record
    xmlns:xsi="http://www.w3.org/2001/XMLSchema-instance"
    xsi:schemaLocation="http://www.loc.gov/MARC21/slim http://www.loc.gov/standards/marcxml/schema/MARC21slim.xsd"
    xmlns="http://www.loc.gov/MARC21/slim">

  <leader>01412nam a2200229Ia 4500</leader>
  <datafield tag="952" ind1=" " ind2=" ">
    <subfield code="0">0</subfield>
    <subfield code="1">0</subfield>
    <subfield code="4">0</subfield>
    <subfield code="7">0</subfield>
    <subfield code="a">19</subfield>
    <subfield code="b">19</subfield>
    <subfield code="d">2016-04-14</subfield>
    <subfield code="l">0</subfield>
    <subfield code="o">HB615 E46</subfield>
    <subfield code="p">19 000322</subfield>
    <subfield code="r">2013-09-10</subfield>
    <subfield code="t">1</subfield>
    <subfield code="w">2013-09-10</subfield>
    <subfield code="y">LB</subfield>
  </datafield>
  <datafield tag="952" ind1=" " ind2=" ">
    <subfield code="0">0</subfield>
    <subfield code="1">0</subfield>
    <subfield code="2">lcc</subfield>
    <subfield code="4">0</subfield>
    <subfield code="7">0</subfield>
    <subfield code="a">20</subfield>
    <subfield code="b">20</subfield>
    <subfield code="d">2018-05-31</subfield>
    <subfield code="l">0</subfield>
    <subfield code="o">HB615 E58</subfield>
    <subfield code="p">20 001311</subfield>
    <subfield code="r">2018-05-31</subfield>
    <subfield code="t">1</subfield>
    <subfield code="w">2018-05-31</subfield>
    <subfield code="y">LB</subfield>
  </datafield>
  <datafield tag="999" ind1=" " ind2=" ">
    <subfield code="c">78028</subfield>
    <subfield code="d">78028</subfield>
  </datafield>
  <controlfield tag="005">20231102151229.0</controlfield>
  <controlfield tag="008">120630s2009    mx a|||       000 0 spa d</controlfield>
  <datafield tag="020" ind1=" " ind2=" ">
    <subfield code="a">9789701069554</subfield>
  </datafield>
  <datafield tag="050" ind1=" " ind2=" ">
    <subfield code="a">HB615</subfield>
    <subfield code="b">E58</subfield>
  </datafield>
  <datafield tag="100" ind1=" " ind2=" ">
    <subfield code="a">Girault Facha, Mar&#xED;a</subfield>
    <subfield code="e">autor</subfield>
  </datafield>
  <datafield tag="245" ind1=" " ind2=" ">
    <subfield code="a">Casos de &#xE9;xito de emprendedores</subfield>
    <subfield code="b"> : c&#xF3;mo los pensadores m&#xE1;s din&#xE1;micos del mundo alcanzan la cima</subfield>
    <subfield code="c"> / Mar&#xED;a Jos&#xE9; Girault Facha</subfield>
  </datafield>
  <datafield tag="260" ind1=" " ind2=" ">
    <subfield code="a">M&#xE9;xico</subfield>
    <subfield code="b"> : McGraw-Hill Interamericana</subfield>
    <subfield code="c"> , 2009</subfield>
  </datafield>
  <datafield tag="300" ind1=" " ind2=" ">
    <subfield code="a">ix ; 154 p&#xE1;ginas</subfield>
  </datafield>
  <datafield tag="500" ind1=" " ind2=" ">
    <subfield code="a">Incluye:
Tabla de contenido
Introducci&#xF3;n</subfield>
  </datafield>
  <datafield tag="504" ind1=" " ind2=" ">
    <subfield code="a">Fuentes (pp. 149-150)</subfield>
  </datafield>
  <datafield tag="505" ind1=" " ind2=" ">
    <subfield code="a">Mantener a Google en la punta
Todo negocios
&#xBF;Pueden los videojuegos volverse l&#xE9;gitimos?
Digg.com es el nuevo Brat Pack de Silicon Valley
Tierra plena en Espresso Vivace Roasteria
Emprendedores del continente contra multinacionales
Apuesta riesgosa de Amazon
Linux Inc.
My second life, &#xBF;mundo virtual, dinero real?
Lenovo es el primer capitalista global de china
Lecciones de pan y moda desde Europa
La estrategia de trabajadores temporales de Express Personnel para un crecimiento permanente
De Silicon Valley a Sun Ranch
La generaci&#xF3;n myspace</subfield>
  </datafield>
  <datafield tag="519" ind1=" " ind2=" ">
    <subfield code="a">Flexible /</subfield>
    <subfield code="b">Tecnolog&#xED;as de la Informaci&#xF3;n /</subfield>
    <subfield code="c">Emprendedores (M03-2) /</subfield>
    <subfield code="d">(19 000322)</subfield>
  </datafield>
  <datafield tag="519" ind1=" " ind2=" ">
    <subfield code="a">Plan Flexible / </subfield>
    <subfield code="b">Administraci&#xF3;n / </subfield>
    <subfield code="c">Calidad Total (P11) / </subfield>
    <subfield code="d">(20 001311)</subfield>
  </datafield>
  <datafield tag="650" ind1=" " ind2="0">
    <subfield code="a">EMPRENDEDORES</subfield>
  </datafield>
  <datafield tag="650" ind1=" " ind2="0">
    <subfield code="a">INNOVACI&#xD3;N</subfield>
  </datafield>
  <datafield tag="942" ind1=" " ind2=" ">
    <subfield code="c">LB</subfield>
  </datafield>
</record>
